/ 3



Agni Yugr Ferari (Record no. 39648)

MARC details
000 -LEADER
fixed length control field 00230nam a22000977a 4500
008 - FIXED-LENGTH DATA ELEMENTS--GENERAL INFORMATION
fixed length control field 240625b |||||||| |||| 00| 0 eng d
100 ## - MAIN ENTRY--PERSONAL NAME
Personal name Moulik K.
245 ## - TITLE STATEMENT
Title Agni Yugr Ferari
260 ## - PUBLICATION, DISTRIBUTION, ETC.
Name of publisher A.Mukherjee;
Year of publication 1964.
942 ## - ADDED ENTRY ELEMENTS (KOHA)
Koha item type Books
Holdings
Accession Number Lost status Damaged status Price effective from Koha item type Not for loan Withdrawn status Home library Current library Shelving location Date acquired Source of acquisition Cost, normal purchase price
9950     01/04/2023 Books   Withdrawn RCL RCL General Stacks 01/04/2023 DDC 7.00

Find us on the map

Contact Us

RAMANUJAN COLLEGE UNIVERSITY OF DELHI, KALKAJI, NEW DELHI 110019
library@ramaanujan.du.ac.in
011-35002219
https://library.ramanujancollege.ac.in/
ramanujancollegelibrary
                                 
Customized & Maintained by Department of Library
Visitor Counter